All India conference on applied instrumentation February 14-15, 1992 (Record no. 26507)
[ view plain ]
| 000 -LEADER | |
|---|---|
| fixed length control field | 00543nam a22001577a 4500 |
| 008 - FIXED-LENGTH DATA ELEMENTS--GENERAL INFORMATION | |
| fixed length control field | 230503b |||||||| |||| 00| 0 eng d |
| 040 ## - CATALOGING SOURCE | |
| Original cataloging agency | National Science Library |
| Transcribing agency | National Science Library |
| 080 ## - UNIVERSAL DECIMAL CLASSIFICATION NUMBER | |
| Universal Decimal Classification number | 681.2(082.2) |
| Item number | N2 |
| 245 ## - TITLE STATEMENT | |
| Title | All India conference on applied instrumentation February 14-15, 1992 |
| Statement of responsibility, etc. | / Institution of Engineers |
| 260 ## - PUBLICATION, DISTRIBUTION, ETC. | |
| Place of publication, distribution, etc. | Roorkee: |
| Name of publisher, distributor, etc. | Institution of Engineers, |
| Date of publication, distribution, etc. | 1992 |
| 300 ## - PHYSICAL DESCRIPTION | |
| Extent | 331p. |
| 650 ## - SUBJECT ADDED ENTRY--TOPICAL TERM | |
| Topical term or geographic name entry element | Industries |
| 653 ## - INDEX TERM--UNCONTROLLED | |
| Uncontrolled term | Emerging technologies |
| 653 ## - INDEX TERM--UNCONTROLLED | |
| Uncontrolled term | Electronic instrumentation |
| 942 ## - ADDED ENTRY ELEMENTS (KOHA) | |
| Source of classification or shelving scheme | Universal Decimal Classification |
| Koha item type | Reference |
| Withdrawn status | Lost status | Source of classification or shelving scheme | Damaged status | Not for loan | Collection | Home library | Current library | Shelving location | Date acquired | Total Checkouts | Full call number | Barcode | Date last seen | Price effective from | Koha item type |
|---|---|---|---|---|---|---|---|---|---|---|---|---|---|---|---|
| Universal Decimal Classification | Non-fiction | National Science Library | National Science Library | GF/Rk-21/C-8/R-6 | 15/03/1993 | 681.2(082.2) N2 | 173559 | 03/05/2023 | 15/03/1993 | Reference |